000 00251nam a2200097Ia 4500
001 683452
005 20250826161438.0
008 250824s9999 xx 000 0 und d
245 0 _aSAYILARIN EFENDİLERİ
_cDUYGU KAÇARANĞLU
260 _bTİMAŞ YAYINLARI
999 _c683452
_d683452